| 000 | 00596nam a2200169 a 4500 | ||
|---|---|---|---|
| 008 | 120416s1976 ||||||||||||||||| || u | ||
| 020 | _a0070441219 | ||
| 050 | _aHJ 257.2 Mus | ||
| 100 | _aMusgrave, Richard A | ||
| 245 | 1 | 0 | _aPublic finance in theory and practice. (2nd ed.) |
| 250 | _a2nd ed. | ||
| 260 |
_aNew York: _bMcGraw-Hill _c1976 |
||
| 300 | _axvi, 778p. : ill. | ||
| 350 | _a0.00 | ||
| 650 | _aFINANCE, PUBLIC--UNITED STATES | ||
| 995 |
_D0.00 _FCBU-MAIN LIBRARY (Kitwe) _H1 _I6.85 _UAVAILABLE _ZMain Library Open Access Collection |
||
| 999 |
_c55288 _d55288 |
||